000 00889nam a2200253Ia 4500
003 OSt
005 20220923215039.0
006 a|||||r|||| 00| 0
007 ta
008 220922b |||||||| |||| 00| 0 hin d
024 _a175,174
037 _cTextual
040 _aARTS
_cARTS
_bhin
041 _2hin
_ahin
082 _aO152,6x, J5
100 _aबख्शी, पदुमलाल; मोदी, हेमचन्द्र
_9163577
245 0 _aसाहित्य शिक्षा
246 _aSāhitya shikṣhā
260 _aबंबई
_b हिंदी ग्रंथ रत्नाकर
_c1955
300 _a276पृ.
_ccm.
650 _aहिन्दी साहित्य
_9156264
942 _hO152,6x, J5
_cTEXL
_2CC
999 _c328878
_d328878